| 000 | 00523nam a2200169Ia 4500 | ||
|---|---|---|---|
| 005 | 20250508160023.0 | ||
| 008 | 008 250505s9999 xx 000 0 eng d | ||
| 037 | _aBooks to be hide in OPAC | ||
| 040 |
_aFEDL _beng _cFEDL |
||
| 041 |
_aeng _2eng |
||
| 084 |
_a378.542 5, IND/O _qFEDL |
||
| 245 | 0 | _aWritten statments presented by witnesses. Part 1 | |
| 245 | 0 | _cIndian Universities Commission. University Of Allahabad | |
| 260 | _c1902 | ||
| 942 |
_cHB _h378.542 5, IND/O |
||
| 999 |
_c1361105 _d1361105 |
||